[Event "BIH-chT 21st"]
[Site "Sarajevo"]
[Date "2023.11.08"]
[Round "9.6"]
[White "Lipovcic, Marko"]
[Black "Lazic, Emanuel"]
[Result "1/2-1/2"]
[WhiteElo "2233"]
[BlackElo "2277"]
[PlyCount "33"]
[EventDate "2023.10.31"]
[EventType "team-tourn"]
[EventRounds "9"]
[EventCountry "BIH"]
[SourceTitle "Mega2024 Update 01"]
[Source "Chessbase"]
[SourceDate "2023.11.12"]
[SourceVersion "1"]
[SourceVersionDate "2023.11.12"]
[SourceQuality "1"]
[WhiteTeam "Bihac"]
[BlackTeam "Busovaca Hrasno"]
[WhiteTeamCountry "BIH"]
[BlackTeamCountry "BIH"]

1. c4 Nf6 2. Nf3 g6 3. g3 Bg7 4. Bg2 0-0 5. 0-0 c5 6. Nc3 d6 7. d3 Nc6 8. a3 Rb8 9. Rb1 a6 10. b4 cxb4 11. axb4 b5 12. cxb5 axb5 13. e4 Bg4 14. h3 Bxf3 15. Qxf3 Nd7 16. Nd5 Nb6 17. Be3 1/2-1/2

[Event "BIH-chT 21st"]
[Site "Sarajevo"]
[Date "2023.10.31"]
[Round "1.6"]
[White "Runic, Zoran"]
[Black "Lipovcic, Marko"]
[Result "1-0"]
[WhiteElo "2270"]
[BlackElo "2233"]
[PlyCount "95"]
[EventDate "2023.10.31"]
[EventType "team-tourn"]
[EventRounds "9"]
[EventCountry "BIH"]
[SourceTitle "Mega2024 Update 01"]
[Source "Chessbase"]
[SourceDate "2023.11.12"]
[SourceVersion "1"]
[SourceVersionDate "2023.11.12"]
[SourceQuality "1"]
[WhiteTeam "Cazin"]
[BlackTeam "Bihac"]
[WhiteTeamCountry "BIH"]
[BlackTeamCountry "BIH"]

1. d4 d5 2. c4 e6 3. Nc3 Nf6 4. cxd5 exd5 5. Bg5 c6 6. Qc2 Be7 7. e3 0-0 8. Bd3 Nbd7 9. h3 Re8 10. Nf3 h6 11. Bf4 Nf8 12. 0-0 Bd6 13. Ne5 Qe7 14. a3 a5 15. Rae1 N6d7 16. e4 dxe4 17. Nxe4 Nxe5 18. Bxe5 Bxe5 19. dxe5 Be6 20. Nd6 Reb8 21. f4 Bd5 22. Qf2 Nd7 23. Qg3 Kh8 24. Kh2 Nc5 25. Bc2 b5 26. Qe3 Nb7 27. Nf5 Qc5 28. Qg3 Rg8 29. Rc1 Qf8 30. Ne3 Be6 31. Be4 Nc5 32. Bxc6 Rb8 33. f5 Bb3 34. Ng4 a4 35. Qe3 Bc4 36. Rfd1 Nb3 37. Rc3 h5 38. Qg5 g6 39. Nf6 Qg7 40. Nd7 Rbc8 41. f6 Qh7 42. Bd5 h4 43. Bxc4 Rxc4 44. Rxc4 bxc4 45. e6 fxe6 46. Ne5 Qh5 47. Rd7 Nc5 48. Nxg6+ 1-0

[Event "BIH-chT 29th"]
[Site "Bihac"]
[Date "2022.08.26"]
[Round "6.3"]
[White "Lipovcic, Marko"]
[Black "Dumpor, Atif"]
[Result "0-1"]
[WhiteElo "2161"]
[BlackElo "2238"]
[PlyCount "92"]
[EventDate "2022.08.23"]
[EventType "tourn"]
[EventRounds "9"]
[EventCountry "BIH"]
[SourceTitle "CBM 210 Extra"]
[Source "ChessBase"]
[SourceDate "2022.11.30"]
[SourceVersion "1"]
[SourceVersionDate "2022.11.30"]
[SourceQuality "1"]

1. d4 Nf6 2. c4 e6 3. Nc3 d5 4. cxd5 exd5 5. Bg5 Nbd7 6. e3 Be7 7. Bd3 c6 8. Qc2 Nf8 9. Nge2 Ne6 10. Bh4 g6 11. 0-0 0-0 12. f3 c5 13. dxc5 Bxc5 14. Kh1 Bxe3 15. Bxf6 Qxf6 16. Nxd5 Qe5 17. Be4 Bh6 18. f4 Qd6 19. b4 f5 20. Rad1 Kh8 21. Bf3 Bg7 22. Rc1 a5 23. b5 Bd7 24. Rfd1 Bxb5 25. Ndc3 Qa6 26. Nxb5 Qxb5 27. Rb1 Qc5 28. Qa4 Rad8 29. Bxb7 h5 30. Qb3 Nd4 31. Nxd4 Rxd4 32. Qe6 Kh7 33. Rdc1 Qa3 34. g3 Rfd8 35. Rc2 Rb4 36. Rxb4 Qxb4 37. Qc6 Rd6 38. Qc8 Qe1+ 39. Kg2 Rd1 40. Kh3 Rb1 41. Bg2 Qd1 42. Ba8 h4 43. Qc4 Qg4+ 44. Kg2 h3+ 45. Kf2 Qd1 46. g4 Bd4+ 0-1

[Event "Jelah Schev"]
[Site "Jelah"]
[Date "2022.03.23"]
[Round "1.2"]
[White "Lazic, Miroljub"]
[Black "Lipovcic, Marko"]
[Result "1/2-1/2"]
[WhiteElo "2310"]
[BlackElo "2199"]
[PlyCount "118"]
[EventDate "2022.03.23"]
[EventType "schev"]
[EventRounds "10"]
[EventCountry "BIH"]
[SourceTitle "EXT 2023"]
[Source "ChessBase"]
[SourceDate "2022.10.05"]
[SourceVersion "1"]
[SourceVersionDate "2022.10.05"]
[SourceQuality "1"]
[WhiteTeam "Seniors"]
[BlackTeam "Kadets"]
[WhiteTeamCountry "SRB"]
[BlackTeamCountry "SRB"]

1. g3 Nf6 2. Bg2 d5 3. Nf3 Bf5 4. 0-0 e6 5. d3 h6 6. Nbd2 Be7 7. b3 0-0 8. Bb2 c6 9. c4 a5 10. a3 Qb6 11. Ra2 Rd8 12. Qa1 c5 13. cxd5 exd5 14. d4 Nc6 15. dxc5 Qxc5 16. Nd4 Nxd4 17. Bxd4 Qb5 18. a4 Qa6 19. Nf3 Ne8 20. Rd1 Rac8 21. Ne1 b5 22. Bf1 Bd7 23. axb5 Bxb5 24. Rxa5 Qc6 25. Nd3 Ra8 26. Rc1 Rxa5 27. Qxa5 Ra8 28. Qd2 Qa6 29. Nf4 Bg5 30. Ra1 Qb7 31. Rxa8 Qxa8 32. h4 Bxf4 33. Qxf4 Qa2 34. Qf3 Nc7 35. Bb6 Ne6 36. Qxd5 Bxe2 37. Bxe2 Qxe2 38. Be3 Qe1+ 39. Kg2 Qb4 40. h5 Qe7 41. Qa8+ Kh7 42. Qe4+ Kg8 43. b4 Qd7 44. Qc4 Nc7 45. Bf4 Nb5 46. Qc5 Nd4 47. Be3 Nb5 48. Kf3 Qd1+ 49. Ke4 Qg4+ 50. Kd3 Qd1+ 51. Ke4 Qg4+ 52. Kd3 Qd1+ 53. Bd2 Qb3+ 54. Ke2 Qe6+ 55. Be3 Qd7 56. Ke1 Qd3 57. Qc8+ Kh7 58. g4 Qb1+ 59. Ke2 Qxb4 1/2-1/2

[Event "CRO-chT1A 29th"]
[Site "Mali Losinj"]
[Date "2021.09.30"]
[Round "6.1"]
[White "Bukal, Vladimir Jr"]
[Black "Lipovcic, Marko"]
[Result "1-0"]
[WhiteElo "2381"]
[BlackElo "2194"]
[PlyCount "53"]
[EventDate "2021.09.25"]
[EventType "team-tourn"]
[EventRounds "9"]
[EventCountry "CRO"]
[SourceTitle "CBM 204 Extra"]
[Source "ChessBase"]
[SourceDate "2021.11.30"]
[SourceVersion "1"]
[SourceVersionDate "2021.11.30"]
[SourceQuality "1"]
[WhiteTeam "Sesvete Agroproteinka"]
[BlackTeam "Zagreb Hask Mladost"]
[WhiteTeamCountry "CRO"]
[BlackTeamCountry "CRO"]

1. d4 Nf6 2. Bg5 d5 3. Nd2 Bf5 4. Bxf6 exf6 5. e3 c6 6. Ne2 Bd6 7. g3 h5 8. h3 Nd7 9. Bg2 h4 10. g4 Bg6 11. c4 dxc4 12. Nxc4 Bb4+ 13. Nc3 b5 14. Nd2 Rc8 15. a4 a6 16. axb5 axb5 17. Qb3 Be7 18. f4 f5 19. Ra6 b4 20. Na4 Nb8 21. Ra7 Rc7 22. Ra8 Bd6 23. Nc4 Re7 24. Bxc6+ Kf8 25. Ne5 Bxe5 26. fxe5 fxg4 27. Qxb4 1-0

[Event "CRO-chT1A 29th"]
[Site "Mali Losinj"]
[Date "2021.09.25"]
[Round "1.3"]
[White "Rogic, Davor"]
[Black "Lipovcic, Marko"]
[Result "1/2-1/2"]
[WhiteElo "2467"]
[BlackElo "2194"]
[PlyCount "94"]
[EventDate "2021.09.25"]
[EventType "team-tourn"]
[EventRounds "9"]
[EventCountry "CRO"]
[SourceTitle "CBM 204 Extra"]
[Source "ChessBase"]
[SourceDate "2021.11.30"]
[SourceVersion "1"]
[SourceVersionDate "2021.11.30"]
[SourceQuality "1"]
[WhiteTeam "Solin Cemex"]
[BlackTeam "Zagreb Hask Mladost"]
[WhiteTeamCountry "CRO"]
[BlackTeamCountry "CRO"]

1. e4 c5 2. Nf3 d6 3. d4 cxd4 4. Nxd4 Nf6 5. Nc3 g6 6. Be3 Bg7 7. Be2 Nc6 8. Qd2 Ng4 9. Bxg4 Bxg4 10. 0-0 0-0 11. f3 Nxd4 12. Bxd4 Be6 13. Rfd1 Qa5 14. Bxg7 Kxg7 15. Ne2 Qxd2 16. Rxd2 g5 17. Nd4 Kf6 18. Kf2 Rac8 19. Ke3 Rfd8 20. h4 h6 21. Rh1 Bd7 22. g3 Rg8 23. c3 gxh4 24. Rxh4 Rxg3 25. Rxh6+ Kg7 26. Rdh2 Rg8 27. Ne2 Rg5 28. c4 b5 29. cxb5 Rxb5 30. b3 Rc5 31. R6h5 e5 32. Rg2+ Kf8 33. Rxg8+ Kxg8 34. Kd2 Kf8 35. Rh8+ Ke7 36. Ra8 Ra5 37. Nc3 Bc6 38. Rb8 Ra6 39. b4 Rb6 40. Rxb6 axb6 41. b5 Bb7 42. Na4 d5 43. Kd3 dxe4+ 44. fxe4 Kd6 45. Nxb6 Kc5 46. Nd7+ Kxb5 47. Nxe5 Kb4 1/2-1/2

[Event "BIH-chT1A 28th"]
[Site "Mostar"]
[Date "2021.08.09"]
[Round "6.2"]
[White "Lipovcic, Marko"]
[Black "Buljubasic, Sabahudin"]
[Result "1/2-1/2"]
[WhiteElo "2222"]
[BlackElo "2278"]
[PlyCount "120"]
[EventDate "2021.08.06"]
[EventType "team-tourn"]
[EventRounds "9"]
[EventCountry "BIH"]
[SourceTitle "CBM 203 Extra"]
[Source "ChessBase"]
[SourceDate "2021.09.30"]
[SourceVersion "1"]
[SourceVersionDate "2021.09.30"]
[SourceQuality "1"]
[WhiteTeam "Gnojnica Lukavac Imel"]
[BlackTeam "Zivinice"]
[WhiteTeamCountry "BIH"]
[BlackTeamCountry "BIH"]

1. d4 Nf6 2. c4 g6 3. g3 Bg7 4. Bg2 d5 5. cxd5 Nxd5 6. Nf3 Nb6 7. Nc3 Nc6 8. e3 0-0 9. 0-0 Re8 10. h3 a5 11. a3 a4 12. Qc2 Be6 13. d5 Bxd5 14. Nxd5 Qxd5 15. Nd4 Nxd4 16. exd4 Qb3 17. Qxb3 axb3 18. Be3 c6 19. Rac1 Red8 20. Rc3 Nd5 21. Rxb3 Ra7 22. Rc1 h5 23. Kf1 Rd7 24. Ke2 e6 25. Bxd5 Rxd5 26. Rc5 Kf8 27. Rxd5 exd5 28. Bf4 b5 29. Bd6+ Kg8 30. Bc5 Ra8 31. f4 Bf6 32. Re3 Kg7 33. Kd3 g5 34. Be7 gxf4 35. Bxf6+ Kxf6 36. Rf3 Rg8 37. Rxf4+ Ke6 38. g4 hxg4 39. hxg4 f6 40. Kc3 Rh8 41. Kb4 Rh2 42. b3 Rc2 43. Rf3 Rg2 44. Kc5 Rxg4 45. Kxc6 Rxd4 46. Kc5 Rd1 47. Kxb5 d4 48. a4 Ke5 49. a5 f5 50. Rf2 Ra1 51. Kc4 Rxa5 52. Re2+ Kf4 53. Kxd4 Kg3 54. b4 Ra8 55. b5 f4 56. b6 f3 57. Rb2 f2 58. Rb1 Re8 59. Rf1 Kg2 60. Rxf2+ Kxf2 1/2-1/2

[Event "Lukavac op 8th"]
[Site "Lukavac"]
[Date "2019.11.24"]
[Round "5"]
[White "Bajramovic, Halid"]
[Black "Lipovcic, Marko"]
[Result "1/2-1/2"]
[WhiteElo "2066"]
[BlackElo "2167"]
[PlyCount "79"]
[EventDate "2019.11.22"]
[EventType "swiss"]
[EventRounds "7"]
[EventCountry "BIH"]
[SourceTitle "CBM 193 Extra"]
[Source "ChessBase"]
[SourceDate "2020.01.31"]
[SourceVersion "1"]
[SourceVersionDate "2020.01.31"]
[SourceQuality "1"]

1. d4 d5 2. Nf3 Nf6 3. g3 Bf5 4. Bg2 e6 5. 0-0 h6 6. c4 c6 7. b3 Nbd7 8. Bb2 Be7 9. Nbd2 0-0 10. Ne5 Nxe5 11. dxe5 Nd7 12. e4 dxe4 13. Nxe4 Qc7 14. Nd6 Rfd8 15. Nxf5 exf5 16. Qh5 Nxe5 17. Qxf5 Nd3 18. Bc3 Bb4 19. Bxb4 Nxb4 20. a3 Na6 21. b4 Qc8 22. Qf4 Nc7 23. a4 Ne6 24. Qe3 Rd4 25. Rfc1 Qf8 26. Bh3 Qd6 27. c5 Qd5 28. Bg2 Qd7 29. b5 Ng5 30. a5 Re8 31. Qb3 Nh3+ 32. Bxh3 Qxh3 33. Qf3 Rh4 34. Qh1 Rh5 35. a6 bxa6 36. bxc6 Re7 37. Rxa6 Rxc5 38. Raa1 Qf5 39. Rxc5 Qxc5 40. Qf3 1/2-1/2

[Event "Lukavac op 8th"]
[Site "Lukavac"]
[Date "2019.11.22"]
[Round "1"]
[White "Colpa, Husein"]
[Black "Lipovcic, Marko"]
[Result "1-0"]
[WhiteElo "1798"]
[BlackElo "2167"]
[PlyCount "117"]
[EventDate "2019.11.22"]
[EventType "swiss"]
[EventRounds "7"]
[EventCountry "BIH"]
[SourceTitle "CBM 193 Extra"]
[Source "ChessBase"]
[SourceDate "2020.01.31"]
[SourceVersion "1"]
[SourceVersionDate "2020.01.31"]
[SourceQuality "1"]

1. d4 d5 2. Nf3 Nf6 3. c4 e6 4. a3 Be7 5. Nc3 0-0 6. b3 b6 7. Bb2 Bb7 8. e3 dxc4 9. bxc4 c5 10. Be2 Ne4 11. Qc2 Ng5 12. d5 exd5 13. cxd5 Nxf3+ 14. Bxf3 Bf6 15. 0-0 a6 16. Rfd1 Bxc3 17. Qxc3 f6 18. Bg4 Qd6 19. Be6+ Kh8 20. e4 Nd7 21. Qh3 Rad8 22. Bf5 g6 23. Bxg6 Qe7 24. Bf5 Rg8 25. Rd3 Ne5 26. Rg3 Rxg3 27. hxg3 Rf8 28. Rd1 Nc4 29. Bc1 Nd6 30. f3 b5 31. Bf4 Rf7 32. Be6 Rg7 33. g4 Nf7 34. Bf5 Nd6 35. Be6 Nf7 36. Qh2 Qe8 37. Be3 Nd8 38. Bf5 c4 39. Qd6 Rf7 40. Bd4 Qf8 41. Qxf8+ Rxf8 42. g5 a5 43. Rb1 Ba6 44. gxf6 Kg8 45. Be6+ Nxe6 46. dxe6 Rc8 47. Rd1 b4 48. axb4 a4 49. f7+ Kf8 50. Bc5+ Kg7 51. Bd4+ Kf8 52. Bf6 c3 53. f4 c2 54. Rc1 Bd3 55. g4 Bxe4 56. Kf2 Bd5 57. f5 Rc4 58. Bg5 a3 59. Bh6+ 1-0

[Event "Banja Luka Challenge 2"]
[Site "Banja Luka"]
[Date "2019.10.25"]
[Round "2"]
[White "Lipovcic, Marko"]
[Black "Marjanovic, Branko"]
[Result "1-0"]
[WhiteElo "2045"]
[BlackElo "2166"]
[PlyCount "45"]
[EventDate "2019.10.25"]
[EventType "schev"]
[EventRounds "6"]
[EventCountry "BIH"]
[SourceTitle "CBM 193 Extra"]
[Source "ChessBase"]
[SourceDate "2020.01.31"]
[SourceVersion "1"]
[SourceVersionDate "2020.01.31"]
[SourceQuality "1"]
[WhiteTeam "Team B (Juniors)"]
[BlackTeam "Team A (Seniors)"]
[WhiteTeamCountry "BIH"]
[BlackTeamCountry "BIH"]

1. c4 Nf6 2. Nf3 e6 3. Nc3 d5 4. cxd5 exd5 5. d4 c6 6. Bg5 Be7 7. e3 0-0 8. Bd3 Bg4 9. 0-0 Ne4 10. Bxe7 Qxe7 11. Qc2 Bxf3 12. gxf3 Ng5 13. f4 Nf3+ 14. Kg2 Nh4+ 15. Kh1 f5 16. Rg1 Nd7 17. Rg3 g6 18. Rh3 b5 19. Rg1 h6 20. Bxf5 Nxf5 21. Rxg6+ Ng7 22. Rgxh6 Nf6 23. Qg6 1-0

[Event "Srpska Republic-chT 1st League"]
[Site "Banja Dvorovi"]
[Date "2018.08.11"]
[Round "8.4"]
[White "Lipovcic, Marko"]
[Black "Mitrovic, Jovica"]
[Result "1/2-1/2"]
[WhiteElo "1997"]
[BlackElo "2122"]
[PlyCount "109"]
[EventDate "2018.08.04"]
[EventType "team-tourn"]
[EventRounds "9"]
[EventCountry "BIH"]
[SourceTitle "CBM 186 Extra"]
[Source "ChessBase"]
[SourceDate "2018.08.24"]
[SourceVersion "1"]
[SourceVersionDate "2018.08.24"]
[SourceQuality "1"]
[WhiteTeam "Petrovo Ozren"]
[BlackTeam "Dvorovi"]
[WhiteTeamCountry "BIH"]
[BlackTeamCountry "BIH"]

1. c4 c5 2. Nc3 Nc6 3. g3 Nf6 4. Bg2 e6 5. Nf3 Be7 6. 0-0 d5 7. cxd5 exd5 8. d4 c4 9. Ne5 0-0 10. Nxc6 bxc6 11. e4 Be6 12. e5 Ne8 13. f4 f5 14. b3 cxb3 15. Qxb3 Qb6 16. Be3 Nc7 17. Rab1 Qa5 18. Qc2 Rab8 19. Rfd1 c5 20. dxc5 Bxc5 21. Nxd5 Rxb1 22. Rxb1 Nxd5 23. Qxc5 Qxa2 24. Rd1 Nxe3 25. Qxe3 Rb8 26. Qd2 Rb1 27. Qd8+ Kf7 28. Qc7+ Kg6 29. Rxb1 Qxb1+ 30. Bf1 Qa2 31. Qd6 a5 32. Bd3 Kh5 33. Qd8 Kg4 34. Bf1 Qc2 35. Qxa5 Qd1 36. Qc5 Kh5 37. Kf2 Kg6 38. Qd6 Qb3 39. Be2 Qa2 40. h3 h5 41. Qd8 Kh7 42. Qd3 g6 43. Ke3 Qa7+ 44. Kd2 Qa5+ 45. Ke3 Qe1 46. Kd4 Qg1+ 47. Kc3 Qc5+ 48. Kd2 Qb4+ 49. Qc3 Qb6 50. Qa3 Qd4+ 51. Kc2 Bd5 52. Qe7+ Kh8 53. Qf8+ Kh7 54. Qe7+ Kh8 55. Qf8+ 1/2-1/2

[Event "Srpska Republic-chT 1st League"]
[Site "Banja Dvorovi"]
[Date "2018.08.08"]
[Round "5.4"]
[White "Lipovcic, Marko"]
[Black "Borojevic, Dragoljub"]
[Result "1-0"]
[WhiteElo "1997"]
[BlackElo "2229"]
[PlyCount "93"]
[EventDate "2018.08.04"]
[EventType "team-tourn"]
[EventRounds "9"]
[EventCountry "BIH"]
[SourceTitle "CBM 186 Extra"]
[Source "ChessBase"]
[SourceDate "2018.08.24"]
[SourceVersion "1"]
[SourceVersionDate "2018.08.24"]
[SourceQuality "1"]
[WhiteTeam "Petrovo Ozren"]
[BlackTeam "Zvornik Drina"]
[WhiteTeamCountry "BIH"]
[BlackTeamCountry "BIH"]

1. e4 d6 2. d4 Nf6 3. Nc3 g6 4. Nf3 Bg7 5. Bc4 0-0 6. 0-0 Nc6 7. Re1 Bg4 8. Be2 e5 9. dxe5 dxe5 10. Qxd8 Raxd8 11. Bg5 Bxf3 12. gxf3 Nd4 13. Bxf6 Bxf6 14. Nd5 Bg5 15. Bd1 c6 16. Ne3 Bxe3 17. fxe3 Ne6 18. h4 Rd2 19. Rc1 Rfd8 20. Be2 Kg7 21. Kf2 Nc5 22. b3 a5 23. Red1 Kh6 24. Rxd2 Rxd2 25. Ke1 Rd6 26. Kf2 Kh5 27. a3 Kh6 28. Rd1 Rxd1 29. Bxd1 f6 30. Be2 g5 31. Kg3 Kg6 32. Bf1 b5 33. Bh3 Kf7 34. h5 h6 35. Kg4 Nb7 36. Bf1 Nd6 37. Bh3 f5+ 38. exf5 Kf6 39. e4 Nc4 40. bxc4 b4 41. a4 c5 42. Kg3 Ke7 43. f6+ Kxf6 44. Bc8 Ke7 45. Kg4 Kf6 46. Bb7 Ke6 47. Ba8 1-0

[Event "Srpska Republic-chT 1st League"]
[Site "Banja Dvorovi"]
[Date "2018.08.07"]
[Round "4.2"]
[White "Divljan, Borisa"]
[Black "Lipovcic, Marko"]
[Result "1-0"]
[WhiteElo "2118"]
[BlackElo "1997"]
[PlyCount "137"]
[EventDate "2018.08.04"]
[EventType "team-tourn"]
[EventRounds "9"]
[EventCountry "BIH"]
[SourceTitle "CBM 186 Extra"]
[Source "ChessBase"]
[SourceDate "2018.08.24"]
[SourceVersion "1"]
[SourceVersionDate "2018.08.24"]
[SourceQuality "1"]
[WhiteTeam "Bileca Hercegovac"]
[BlackTeam "Petrovo Ozren"]
[WhiteTeamCountry "BIH"]
[BlackTeamCountry "BIH"]

1. e4 c5 2. Nf3 d6 3. c3 Nf6 4. Bc4 Nc6 5. Qc2 g6 6. d4 cxd4 7. cxd4 Bg7 8. 0-0 d5 9. exd5 Nxd5 10. Qb3 e6 11. Nc3 Nxc3 12. bxc3 0-0 13. Bb5 Na5 14. Qc2 Qc7 15. Qe4 b6 16. Bf4 Qb7 17. Qe3 Bd7 18. Be2 Rac8 19. Bh6 Bc6 20. Bxg7 Kxg7 21. Qe5+ Kg8 22. h4 Bxf3 23. Bxf3 Qc7 24. Qf6 Qxc3 25. h5 Rfd8 26. Rad1 Qa3 27. d5 Qc3 28. Qg5 Qc5 29. hxg6 hxg6 30. Rc1 Qd6 31. Rxc8 Rxc8 32. dxe6 Rc5 33. exf7+ Kxf7 34. Qh6 Qf6 35. Rd1 Rc7 36. Bd5+ Ke8 37. Be4 Rd7 38. Bxg6+ Kd8 39. Re1 Rd6 40. Re8+ Kc7 41. Rg8 Qa1+ 42. Kh2 Qxa2 43. Qf8 Qe6 44. Qb8+ Kc6 45. Qa8+ Kc5 46. g3 Qd5 47. Qe8 Nc6 48. Be4 Qd1 49. Rg5+ Kb4 50. Qf8 Kc3 51. Bf3 Qd2 52. Qg7+ Qd4 53. Bxc6 Rxc6 54. f4 a5 55. f5 Qxg7 56. Rxg7 a4 57. Rg6 Rc5 58. g4 Rb5 59. f6 a3 60. f7 a2 61. f8Q Rb2+ 62. Kg3 a1Q 63. Rc6+ Kd2 64. Qf2+ Kd3 65. Qf3+ Kd2 66. Qc3+ Ke2 67. Re6+ Kf1 68. Qf3+ Kg1 69. Qe3+ 1-0

[Event "Srpska Republic-chT 1st League"]
[Site "Banja Dvorovi"]
[Date "2018.08.06"]
[Round "3.5"]
[White "Lipovcic, Marko"]
[Black "Vlatkovic, Milos"]
[Result "0-1"]
[WhiteElo "1997"]
[BlackElo "2282"]
[PlyCount "70"]
[EventDate "2018.08.04"]
[EventType "team-tourn"]
[EventRounds "9"]
[EventCountry "BIH"]
[SourceTitle "CBM 186 Extra"]
[Source "ChessBase"]
[SourceDate "2018.08.24"]
[SourceVersion "1"]
[SourceVersionDate "2018.08.24"]
[SourceQuality "1"]
[WhiteTeam "Petrovo Ozren"]
[BlackTeam "Trebinje Leotar"]
[WhiteTeamCountry "BIH"]
[BlackTeamCountry "BIH"]

1. c4 e5 2. d3 Nf6 3. Nf3 Nc6 4. g3 Bb4+ 5. Bd2 Bxd2+ 6. Nbxd2 0-0 7. Bg2 d6 8. 0-0 h6 9. Rb1 a5 10. b3 Be6 11. a3 d5 12. cxd5 Bxd5 13. Qc2 Qe7 14. Qb2 Rfd8 15. Rfd1 Nd4 16. Nxd4 exd4 17. Nf3 c5 18. b4 axb4 19. axb4 Ra2 20. Qc1 Qxe2 21. Rd2 Rxd2 22. Nxd2 Bxg2 23. Kxg2 cxb4 24. Rxb4 Qxd3 25. Rxb7 Qf5 26. Qc7 Qd5+ 27. Kg1 d3 28. Rb8 Rxb8 29. Qxb8+ Kh7 30. Qf4 Qe6 31. h4 Ng4 32. Kg2 f5 33. Kg1 Nf6 34. Qe3 Qxe3 35. fxe3 Ne4 0-1

[Event "Srpska Republic-chT 1st League"]
[Site "Banja Dvorovi"]
[Date "2017.08.15"]
[Round "4.4"]
[White "Ahmic, Nesim"]
[Black "Lipovcic, Marko"]
[Result "1-0"]
[WhiteElo "2012"]
[BlackElo "1641"]
[PlyCount "123"]
[EventDate "2017.08.12"]
[EventType "team-tourn"]
[EventRounds "9"]
[EventCountry "BIH"]
[SourceTitle "EXT 2019"]
[Source "ChessBase"]
[SourceDate "2018.10.10"]
[SourceVersion "1"]
[SourceVersionDate "2018.10.10"]
[SourceQuality "1"]
[WhiteTeam "Derventa"]
[BlackTeam "Petrovo Ozren"]
[WhiteTeamCountry "BIH"]
[BlackTeamCountry "BIH"]

1. d4 d5 2. c3 Bf5 3. Bf4 Nf6 4. e3 e6 5. Nd2 Bd6 6. Bg3 0-0 7. Ngf3 h6 8. Be2 c5 9. Bxd6 Qxd6 10. Ne5 Nbd7 11. f4 c4 12. 0-0 Ne4 13. Nxe4 Bxe4 14. Bf3 Bh7 15. Qe2 f6 16. Nxd7 Bd3 17. Qe1 Qxd7 18. Rf2 f5 19. Be2 Be4 20. Bf3 Bd3 21. Be2 Be4 22. Bf3 b5 23. Bxe4 fxe4 24. a3 a5 25. Qd2 Qd6 26. h3 Rab8 27. Qe2 b4 28. axb4 axb4 29. Qg4 bxc3 30. bxc3 Qd7 31. Ra6 Rf6 32. Rfa2 Rb1+ 33. Kh2 Qf7 34. Qe2 Rb3 35. Ra7 Qg6 36. Ra8+ Rf8 37. Rxf8+ Kxf8 38. Ra8+ Kf7 39. Qa2 Qf6 40. Qa4 Kg6 41. Qc6 Qf7 42. Re8 Kf6 43. Qc8 Rxc3 44. Rf8 Rxe3 45. f5 exf5 46. Qc6+ Ke7 47. Qc5+ Ke6 48. Rxf7 Kxf7 49. Qxd5+ Kf6 50. Qe5+ Kg6 51. Qe6+ Kg5 52. Qxc4 Rd3 53. g3 Rd2+ 54. Kg1 e3 55. d5 Kg6 56. Qc6+ Kh7 57. Kf1 Rf2+ 58. Ke1 Rf3 59. d6 Rxg3 60. d7 f4 61. Ke2 Rg2+ 62. Qxg2 1-0

[Event "Srpska Republic-chT 1st League"]
[Site "Banja Dvorovi"]
[Date "2017.08.13"]
[Round "2.3"]
[White "Ilic, Zdravko"]
[Black "Lipovcic, Marko"]
[Result "0-1"]
[WhiteElo "2168"]
[BlackElo "1641"]
[PlyCount "70"]
[EventDate "2017.08.12"]
[EventType "team-tourn"]
[EventRounds "9"]
[EventCountry "BIH"]
[SourceTitle "EXT 2019"]
[Source "ChessBase"]
[SourceDate "2018.10.10"]
[SourceVersion "1"]
[SourceVersionDate "2018.10.10"]
[SourceQuality "1"]
[WhiteTeam "Zvornik Drina"]
[BlackTeam "Petrovo Ozren"]
[WhiteTeamCountry "BIH"]
[BlackTeamCountry "BIH"]

1. e4 c5 2. Nf3 d6 3. d4 cxd4 4. Nxd4 Nf6 5. Nc3 g6 6. Bc4 Bg7 7. f3 0-0 8. Be3 Nc6 9. Qd2 Nd7 10. 0-0-0 Nb6 11. Bb3 Na5 12. Bh6 Nbc4 13. Qg5 e5 14. Nde2 Bf6 15. Qg3 Bh4 16. Bxf8 Bxg3 17. Bxd6 Nxb3+ 18. axb3 Nxd6 19. hxg3 Be6 20. Kb1 Qb6 21. Rh6 Nb5 22. Rdh1 Nxc3+ 23. Nxc3 Rd8 24. Rxh7 Rd2 25. Rh8+ Kg7 26. f4 Rxg2 27. R1h7+ Kf6 28. fxe5+ Kxe5 29. Na4 Rg1+ 30. Ka2 Qa6 31. c4 Bxc4 32. Re8+ Be6 33. Ka3 Ra1+ 34. Kb4 Qd6+ 35. Ka5 Qc5# 0-1

[Event "Lukavac op 5th"]
[Site "Lukavac"]
[Date "2016.11.27"]
[Round "7"]
[White "Softic, Kasim"]
[Black "Lipovcic, Marko"]
[Result "1-0"]
[WhiteElo "1871"]
[BlackElo "1325"]
[PlyCount "85"]
[EventDate "2016.11.24"]
[EventType "swiss"]
[EventRounds "7"]
[EventCountry "BIH"]
[SourceTitle "EXT 2019"]
[Source "ChessBase"]
[SourceDate "2018.10.10"]
[SourceVersion "1"]
[SourceVersionDate "2018.10.10"]
[SourceQuality "1"]

1. e4 c5 2. Nf3 d6 3. d4 cxd4 4. Nxd4 Nf6 5. Nc3 g6 6. Be2 Bg7 7. Be3 0-0 8. Qd2 Nc6 9. 0-0 Ng4 10. Nxc6 bxc6 11. Bxg4 Bxg4 12. Bh6 Qb6 13. Bxg7 Kxg7 14. b3 Rad8 15. h3 Bc8 16. Kh1 Ba6 17. Rfe1 e6 18. f4 d5 19. e5 c5 20. Nd1 f6 21. exf6+ Rxf6 22. Qe3 Qc6 23. Kh2 Bb7 24. Nb2 d4 25. Qg3 h5 26. h4 Rxf4 27. Rxe6 Qxe6 28. Qxf4 Rf8 29. Qg3 Qe2 30. Re1 Qxc2 31. Re7+ Rf7 32. Qe5+ Kg8 33. Re8+ Rf8 34. Qe6+ Kg7 35. Re7+ Kh6 36. Rxb7 Rf2 37. Qc6 Qxb2 38. Rxa7 d3 39. Qb7 Qh8 40. Qe7 Rf5 41. Qe3+ g5 42. hxg5+ Rxg5 43. Ra6+ 1-0

[Event "Sarajevo Bosna op 46th"]
[Site "Sarajevo"]
[Date "2016.05.30"]
[Round "4"]
[White "Urh, Zala"]
[Black "Lipovcic, Marko"]
[Result "1-0"]
[WhiteElo "1860"]
[BlackElo "1281"]
[PlyCount "47"]
[EventDate "2016.05.28"]
[EventType "swiss"]
[EventRounds "9"]
[EventCountry "BIH"]
[SourceTitle "EXT 2019"]
[Source "ChessBase"]
[SourceDate "2018.10.10"]
[SourceVersion "1"]
[SourceVersionDate "2018.10.10"]
[SourceQuality "1"]

1. d4 d5 2. c4 c6 3. Nc3 Nf6 4. Nf3 e6 5. Bg5 Nbd7 6. e3 Be7 7. Rc1 0-0 8. Bd3 b6 9. cxd5 cxd5 10. 0-0 Bb7 11. h3 Rc8 12. Qa4 a5 13. Bb5 h6 14. Bf4 Nb8 15. Ne5 Bd6 16. Rfd1 Nh5 17. Bh2 Rc7 18. Qb3 Rc8 19. Na4 Bc7 20. Rc2 Qd6 21. Rdc1 f6 22. Nf3 e5 23. dxe5 Qe6 24. Rxc7 1-0